<?xml version="1.0" encoding="UTF-8"?>
<record
    xmlns:xsi="http://www.w3.org/2001/XMLSchema-instance"
    xsi:schemaLocation="http://www.loc.gov/MARC21/slim http://www.loc.gov/standards/marcxml/schema/MARC21slim.xsd"
    xmlns="http://www.loc.gov/MARC21/slim">

  <leader>00513nam a22001577a 4500</leader>
  <controlfield tag="003">OSt</controlfield>
  <controlfield tag="005">20151118163445.0</controlfield>
  <controlfield tag="008">151118b        xxu||||| |||| 00| 0 eng d</controlfield>
  <datafield tag="040" ind1=" " ind2=" ">
    <subfield code="c">RUA</subfield>
  </datafield>
  <datafield tag="082" ind1=" " ind2=" ">
    <subfield code="a">FIS &#x179F;&#x17BB;&#x1781; 1994 B156 Or.1</subfield>
  </datafield>
  <datafield tag="100" ind1=" " ind2=" ">
    <subfield code="9">3898</subfield>
    <subfield code="a">&#x179F;&#x17BB;&#x1781; &#x179C;&#x178E;&#x17D2;&#x178E;&#x1781;&#x17C1;&#x1798;&#x17B6;</subfield>
  </datafield>
  <datafield tag="245" ind1=" " ind2=" ">
    <subfield code="a">Fishery economy on municipal phnom Penh, &#x179F;&#x17C1;&#x178A;&#x17D2;&#x178B;&#x1780;&#x17B7;&#x178A;&#x17D2;&#x178B;&#x1787;&#x179B;&#x1795;&#x179B;&#x179A;&#x17B6;&#x1787;&#x1792;&#x17B6;&#x1793;&#x17B8;&#x1797;&#x17D2;&#x1793;&#x17C6;&#x1796;&#x17C1;&#x1789;</subfield>
  </datafield>
  <datafield tag="260" ind1=" " ind2=" ">
    <subfield code="a">Phnom Penh</subfield>
    <subfield code="b">RUA</subfield>
    <subfield code="c">1994</subfield>
  </datafield>
  <datafield tag="300" ind1=" " ind2=" ">
    <subfield code="a">173p.</subfield>
    <subfield code="b">ill.</subfield>
    <subfield code="c">29cm.</subfield>
  </datafield>
  <datafield tag="942" ind1=" " ind2=" ">
    <subfield code="2">ddc</subfield>
    <subfield code="c">FIS</subfield>
  </datafield>
  <datafield tag="999" ind1=" " ind2=" ">
    <subfield code="c">3623</subfield>
    <subfield code="d">3623</subfield>
  </datafield>
  <datafield tag="952" ind1=" " ind2=" ">
    <subfield code="0">0</subfield>
    <subfield code="1">0</subfield>
    <subfield code="2">ddc</subfield>
    <subfield code="4">0</subfield>
    <subfield code="6">FIS_&#x179F;&#x17BB;&#x1781;_1994_000000000000000_B156_OR_1</subfield>
    <subfield code="7">0</subfield>
    <subfield code="9">17713</subfield>
    <subfield code="a">LBB</subfield>
    <subfield code="b">LBB</subfield>
    <subfield code="c">B156</subfield>
    <subfield code="d">2015-11-18</subfield>
    <subfield code="o">FIS &#x179F;&#x17BB;&#x1781; 1994 B156 Or.1</subfield>
    <subfield code="p">RUA011739</subfield>
    <subfield code="r">2015-11-18</subfield>
    <subfield code="w">2015-11-18</subfield>
    <subfield code="y">FIS</subfield>
  </datafield>
  <datafield tag="952" ind1=" " ind2=" ">
    <subfield code="0">0</subfield>
    <subfield code="1">0</subfield>
    <subfield code="2">ddc</subfield>
    <subfield code="4">0</subfield>
    <subfield code="6">FIS_&#x179F;&#x17BB;&#x1781;_1994_000000000000000_B156_OR_2</subfield>
    <subfield code="7">0</subfield>
    <subfield code="9">17714</subfield>
    <subfield code="a">LBB</subfield>
    <subfield code="b">LBB</subfield>
    <subfield code="c">B156</subfield>
    <subfield code="d">2015-11-18</subfield>
    <subfield code="o">FIS &#x179F;&#x17BB;&#x1781; 1994 B156 Or.2</subfield>
    <subfield code="p">RUA011777</subfield>
    <subfield code="r">2015-11-18</subfield>
    <subfield code="w">2015-11-18</subfield>
    <subfield code="y">FIS</subfield>
  </datafield>
  <datafield tag="952" ind1=" " ind2=" ">
    <subfield code="0">0</subfield>
    <subfield code="1">0</subfield>
    <subfield code="2">ddc</subfield>
    <subfield code="4">0</subfield>
    <subfield code="6">FIS_&#x179F;&#x17BB;&#x1781;_1994_000000000000000_B156_OR_3</subfield>
    <subfield code="7">0</subfield>
    <subfield code="9">17715</subfield>
    <subfield code="a">LBB</subfield>
    <subfield code="b">LBB</subfield>
    <subfield code="c">B156</subfield>
    <subfield code="d">2015-11-18</subfield>
    <subfield code="l">1</subfield>
    <subfield code="o">FIS &#x179F;&#x17BB;&#x1781; 1994 B156 Or.3</subfield>
    <subfield code="p">RUA011768</subfield>
    <subfield code="r">2016-06-24</subfield>
    <subfield code="s">2016-05-16</subfield>
    <subfield code="w">2015-11-18</subfield>
    <subfield code="y">FIS</subfield>
  </datafield>
  <datafield tag="952" ind1=" " ind2=" ">
    <subfield code="0">0</subfield>
    <subfield code="1">0</subfield>
    <subfield code="2">ddc</subfield>
    <subfield code="4">0</subfield>
    <subfield code="6">FIS_&#x179F;&#x17BB;&#x1781;_1994_000000000000000_B156_OR_4</subfield>
    <subfield code="7">0</subfield>
    <subfield code="9">17716</subfield>
    <subfield code="a">LBB</subfield>
    <subfield code="b">LBB</subfield>
    <subfield code="c">B156</subfield>
    <subfield code="d">2015-11-18</subfield>
    <subfield code="o">FIS &#x179F;&#x17BB;&#x1781; 1994 B156 Or.4</subfield>
    <subfield code="p">RUA011924</subfield>
    <subfield code="r">2015-11-18</subfield>
    <subfield code="w">2015-11-18</subfield>
    <subfield code="y">FIS</subfield>
  </datafield>
  <datafield tag="952" ind1=" " ind2=" ">
    <subfield code="0">0</subfield>
    <subfield code="1">0</subfield>
    <subfield code="2">ddc</subfield>
    <subfield code="4">0</subfield>
    <subfield code="6">FIS_&#x179F;&#x17BB;&#x1781;_1994_000000000000000_B156_OR_5</subfield>
    <subfield code="7">0</subfield>
    <subfield code="9">17717</subfield>
    <subfield code="a">LBB</subfield>
    <subfield code="b">LBB</subfield>
    <subfield code="c">B156</subfield>
    <subfield code="d">2015-11-18</subfield>
    <subfield code="o">FIS &#x179F;&#x17BB;&#x1781; 1994 B156 Or.5</subfield>
    <subfield code="p">RUA011854</subfield>
    <subfield code="r">2015-11-18</subfield>
    <subfield code="w">2015-11-18</subfield>
    <subfield code="y">FIS</subfield>
  </datafield>
  <datafield tag="952" ind1=" " ind2=" ">
    <subfield code="0">0</subfield>
    <subfield code="1">0</subfield>
    <subfield code="2">ddc</subfield>
    <subfield code="4">0</subfield>
    <subfield code="6">FIS_&#x179F;&#x17BB;&#x1781;_1994_000000000000000_B156_OR_6</subfield>
    <subfield code="7">0</subfield>
    <subfield code="9">17718</subfield>
    <subfield code="a">LBB</subfield>
    <subfield code="b">LBB</subfield>
    <subfield code="c">B156</subfield>
    <subfield code="d">2015-11-18</subfield>
    <subfield code="o">FIS &#x179F;&#x17BB;&#x1781; 1994 B156 Or.6</subfield>
    <subfield code="p">RUA011849</subfield>
    <subfield code="r">2015-11-18</subfield>
    <subfield code="w">2015-11-18</subfield>
    <subfield code="y">FIS</subfield>
  </datafield>
  <datafield tag="952" ind1=" " ind2=" ">
    <subfield code="0">0</subfield>
    <subfield code="1">0</subfield>
    <subfield code="2">ddc</subfield>
    <subfield code="4">0</subfield>
    <subfield code="6">FIS_&#x179F;&#x17BB;&#x1781;_1994_000000000000000_B156_OR_7</subfield>
    <subfield code="7">0</subfield>
    <subfield code="9">17719</subfield>
    <subfield code="a">LBB</subfield>
    <subfield code="b">LBB</subfield>
    <subfield code="c">B156</subfield>
    <subfield code="d">2015-11-18</subfield>
    <subfield code="o">FIS &#x179F;&#x17BB;&#x1781; 1994 B156 Or.7</subfield>
    <subfield code="p">RUA011950</subfield>
    <subfield code="r">2015-11-18</subfield>
    <subfield code="w">2015-11-18</subfield>
    <subfield code="y">FIS</subfield>
  </datafield>
  <datafield tag="952" ind1=" " ind2=" ">
    <subfield code="0">0</subfield>
    <subfield code="1">0</subfield>
    <subfield code="2">ddc</subfield>
    <subfield code="4">0</subfield>
    <subfield code="6">FIS_&#x179F;&#x17BB;&#x1781;_1994_000000000000000_B156_OR_8</subfield>
    <subfield code="7">0</subfield>
    <subfield code="9">17720</subfield>
    <subfield code="a">LBB</subfield>
    <subfield code="b">LBB</subfield>
    <subfield code="c">B156</subfield>
    <subfield code="d">2015-11-18</subfield>
    <subfield code="o">FIS &#x179F;&#x17BB;&#x1781; 1994 B156 Or.8</subfield>
    <subfield code="p">RUA011883</subfield>
    <subfield code="r">2015-11-18</subfield>
    <subfield code="w">2015-11-18</subfield>
    <subfield code="y">FIS</subfield>
  </datafield>
</record>
